| 000 | 01417cad a22002535a 4500 | ||
|---|---|---|---|
| 001 | L158367 | ||
| 008 | 080311s2012 xxkd f s 000 0 eng d | ||
| 035 | _a(Sirsi) u158367 | ||
| 041 | 0 | _aeng | |
| 050 | 0 | 4 | _a338.4569 $2 18 |
| 110 | 2 |
_aDavis Langdon _94649 |
|
| 245 | 0 | 0 |
_aWorld construction 2012 _h[electronic resource] |
| 260 |
_a[S.l.] _bAECOM _c2012 |
||
| 490 | 0 |
_aDavis Langdon World Construction _v2012 |
|
| 520 | _aGives overview of construction globally. Construction spending growth has stalled and 2011 was the fourth consecutive year with little or no growth. Overall, world construction spending grew by just 0.5% to $4.6 trillion and is still below the levels achieved in 2007. However, on a positive note, 2011 saw the first increases in world construction spending since the start of the recession. Although, the outlook for 2012 is looking slightly more pessimistic as the developing economies responsible for much of the growth in the recent past are starting to slow as their developed country export markets continue to decline. | ||
| 521 | 2 | _aAdvanced | |
| 590 | _aKA | ||
| 650 | 2 | 4 | _aDAVIS LANGDON WORLD CONSTRUCTION |
| 651 | 4 | _aInternational | |
| 690 | _aBUILT ENVIRONMENT-CONSTRUCTION MARKET | ||
| 710 | 1 | _aAECOM | |
| 856 | 4 | 0 |
_uhttps://www.aecom.com/deployedfiles/Internet/About/CAM/WorldConstructionReport_2012.pdf _zView the item free of charge at www.aecom.com... |
| 942 | _n0 | ||
| 999 |
_c115281 _d115281 |
||